The design of masonry structures and foundations, (Record no. 546894)
[ view plain ]
| 000 -LEADER | |
|---|---|
| fixed length control field | 00565cam a22001691 4500 |
| 082 ## - DEWEY DECIMAL CLASSIFICATION NUMBER | |
| Classification number | 624.183 |
| Author Mark | WIL |
| -- | L-20 P-12 |
| 100 1# - MAIN ENTRY--PERSONAL NAME | |
| Personal name | Williams, Clement Clarence, |
| 9 (RLIN) | 43092 |
| 245 14 - TITLE STATEMENT | |
| Title | The design of masonry structures and foundations, |
| Statement of responsibility, etc. | by Clement C. Williams ... |
| 250 ## - EDITION STATEMENT | |
| Edition statement | 2d ed. |
| 260 ## - PUBLICATION, DISTRIBUTION, ETC. | |
| Place of publication, distribution, etc. | New York [etc.] |
| Name of publisher, distributor, etc. | McGraw-Hill Book Company, inc., |
| Date of publication, distribution, etc. | 1930. |
| 300 ## - PHYSICAL DESCRIPTION | |
| Extent | x, 603 p. |
| Other physical details | illus., diagrs. (part fold.) |
| Dimensions | 24 cm. |
| 526 ## - STUDY PROGRAM INFORMATION NOTE | |
| Program name | 0 |
| Interest level | 0 |
| Reading level | 0 |
| Title point value | 624_183000000000000_WIL |
| 650 #0 - SUBJECT ADDED ENTRY--TOPICAL TERM | |
| Topical term or geographic name entry element | Foundations. |
| 9 (RLIN) | 892 |
| 650 #0 - SUBJECT ADDED ENTRY--TOPICAL TERM | |
| Topical term or geographic name entry element | Masonry. |
| 9 (RLIN) | 36353 |
| 650 #0 - SUBJECT ADDED ENTRY--TOPICAL TERM | |
| Topical term or geographic name entry element | MCE |
| 9 (RLIN) | 379 |
| 942 ## - ADDED ENTRY ELEMENTS (KOHA) | |
| Source of classification or shelving scheme | |
| Koha item type | Book |
| Withdrawn status | Lost status | Source of classification or shelving scheme | Damaged status | Not for loan | Permanent Location | Current Location | Date acquired | Total Checkouts | Full call number | Barcode | Date last seen | Price effective from | Koha item type |
|---|---|---|---|---|---|---|---|---|---|---|---|---|---|
| Military College of Engineering (MCE) | Military College of Engineering (MCE) | 06/20/2014 | 624.183 WIL | MCE-30411 | 06/20/2014 | 06/20/2014 | Book |
